Sistema de indicadores sociales (Registro nro. 22836)
[ vista simple ]
| 000 -LEADER | |
|---|---|
| fixed length control field | 00351 a2200121 4500 |
| 001 - CONTROL NUMBER | |
| control field | ART_6816 |
| 005 - DATE AND TIME OF LATEST TRANSACTION | |
| control field | 20260410161827.0 |
| 008 - FIXED-LENGTH DATA ELEMENTS--GENERAL INFORMATION | |
| fixed length control field | 260409a |
| 100 1# - MAIN ENTRY--PERSONAL NAME | |
| Personal name | Gentile, Natacha |
| 245 10 - TITLE STATEMENT | |
| Title | Sistema de indicadores sociales |
| 700 1# - ADDED ENTRY--PERSONAL NAME | |
| Personal name | Labrunée, María Eugenia |
| 773 0# - HOST ITEM ENTRY | |
| Title | FACES |
| Related parts | - Año 16, Nº 34/35 (ene./dic. 2010) |
| Record control number | REV5046 |
No hay ítems disponibles.